000 01095aam a2200409 4500
005 20250624112613.0
008 150722b2010 xxu||||| |||| 00| 0 spa d
020 _a78607170346
041 _aESP
082 _a614.1 V297me3
100 _aVargas Alvarado, Eduardo
_916114
245 _aMedicina Legal
250 _a3 edición
260 _aMéxico
260 _bTrillas
260 _c2010
300 _a502 páginas
490 _aInvestigación Criminal
650 _aMEDICINA LEGAL
650 _aCRIMINALÍSTICA
650 _aTOXICOLOGÍA
650 _aJUSTICIA CRIMINAL
650 _aESCENA DEL CRIMEN
650 _aANTROPOLOGÍA FORENSE
650 _aENTOMOLOGÍA FORENSE
650 _aRECOLECCIÓN Y MANEJO DE EVIDENCIAS
650 _aMEDICINA FORENSE
650 _aTANATOLOGÍA FORENSE
650 _aSEXOLOGÍA FORENSE
650 _aBIOÉTICA
650 _aDEONTOLOGÍA FORENSE
650 _aCIENCIAS FORENSES
650 _aTRAUMATOLOGÍA
650 _aMATERNOINFANTIL
650 _aPSIQUIATRÍA FORENSE
942 _cBK
_2ddc
999 _c9872
_d9872